KOHA-Header-6

Educational Psychology (Record no. 10155)

000 -LEADER
fixed length control field 00341nam a22001577a 4500
020 ## - INTERNATIONAL STANDARD BOOK NUMBER
ISBN 978-93-325-8669-7
082 ## - DEWEY DECIMAL CLASSIFICATION NUMBER
Classification number 370.15
100 ## - MAIN ENTRY--AUTHOR NAME
Personal name Anita Woolfolk
245 ## - TITLE STATEMENT
Title Educational Psychology
250 ## - EDITION STATEMENT
Edition statement 13th
260 ## - PUBLICATION, DISTRIBUTION, ETC. (IMPRINT)
Place of publication New Delhi
Name of publisher Pearson
Year of publication 2017
300 ## - PHYSICAL DESCRIPTION
Number of Pages 720
650 ## - SUBJECT ADDED ENTRY--TOPICAL TERM
Topical Term Psychology
856 ## - ELECTRONIC LOCATION AND ACCESS
Uniform Resource Identifier Shelf No:23
942 ## - ADDED ENTRY ELEMENTS (KOHA)
Koha item type Books
Holdings
Withdrawn status Lost status Collection code Permanent Location Current Location Shelving location Date acquired Full call number Accession Number Koha item type
    Psychology MAJU MAJU Shelf No.A35 2019-09-20 370.15 9308 Psychology

Powered by Koha